000 02061nam0a2200385 4500
001 RU\NLR\BIBL_A\022324474
005 20260420014634.0
010 _a978-5-09-114040-8
_9250
021 _aRU
_bКН-П-24-044507
_9КН-П-24-4426
035 _a(NLR Aleph) 022324474
090 _a13665186
_c13665186
100 _a20240917d2024 u y0rusy50 ca
101 0 _arus
_afre
102 _aRU
105 _aacb j 000zy
181 0 _ai3
_baxxe
182 0 _an
200 1 _aФранцузский язык
_eбазовый уровень
_eучебник для образовательных организаций, реализующих образовательные программы среднего профессионального образования
_fА. С. Кулигина, А. В. Щепилова
203 _aТекст
_bвизуальный
_cнепосредственный
210 _aМосква
_cПросвещение
_d2024
215 _a236, [2] с.
_cцв. ил., портр., карты
_d26
225 1 _aУчебник СПО
225 1 _aФГОС
300 _aНа обл.: Le Français: méthode de Français: базовый уровень /A. Kouliguina, A. Schepilova
512 1 _6z11790
_aLe Français
_eméthode de Français
_eбазовый уровень
606 1 _aФранцузский язык
_jУчебники для среднего профессионального образования
_91524672
_3RU\NLR\AUTH\66964829
686 3 _aШ147.11-93рус227
700 1 _7ca
_8rus
_aКулигина
_bА. С.
_gАнтонина Степановна
_9114585
_3RU\NLR\AUTH\774608
701 1 _7ca
_8rus
_aЩепилова
_bА. В.
_gАлла Викторовна
_951532
_3RU\NLR\AUTH\7768604
790 1 _7ba
_8rus
_aKuligina
_bA. S.
_gAntonina Stepanovna
_9114586
_3RU\NLR\AUTH\774609
790 1 _7ba
_8rus
_aŠčepilova
_bA. V.
_gAlla Viktorovna
_951533
_3RU\NLR\AUTH\7768605
942 _cBOOK
980 _aNB